India and Southeast Adia (Record no. 35789)

MARC details
000 -LEADER
fixed length control field 00742nam a2200253 i 4500
001 - CONTROL NUMBER
control field C2-0123236
003 - CONTROL NUMBER IDENTIFIER
control field PPAK
005 - DATE AND TIME OF LATEST TRANSACTION
control field 20180727114226.0
008 - FIXED-LENGTH DATA ELEMENTS--GENERAL INFORMATION
fixed length control field 970830s1995 si a|||| ||||| | eng d
020 ## - INTERNATIONAL STANDARD BOOK NUMBER
International Standard Book Number 0071137556
040 ## - CATALOGING SOURCE
Original cataloging agency PPAK
Language of cataloging eng
Transcribing agency PPAK
Description conventions rda
082 04 - DEWEY DECIMAL CLASSIFICATION NUMBER
Classification number 398.2
Edition number 23
090 00 - LOCALLY ASSIGNED LC-TYPE CALL NUMBER (OCLC); LOCAL CALL NUMBER (RLIN)
Classification number (OCLC) (R) ; Classification number, CALL (RLIN) (NR) 398.2
Feature heading IND
Feature heading K
245 00 - TITLE STATEMENT
Title India and Southeast Adia
264 #1 - PRODUCTION, PUBLICATION, DISTRIBUTION, MANUFACTURE, AND COPYRIGHT NOTICE
Place of production, publication, distribution, manufacture Singapore :
Name of producer, publisher, distributor, manufacturer McGraw-Hill International ,
Date of production, publication, distribution, manufacture, or copyright notice 1995
300 ## - PHYSICAL DESCRIPTION
Extent 64 pages :
Other physical details colour illustrations ;
Dimensions 23 cm
336 ## - CONTENT TYPE
Source rdacontent
Content type term text
337 ## - MEDIA TYPE
Source rdamedia
Media type term unmediated
338 ## - CARRIER TYPE
Source rdacarrier
Carrier type term volume
490 1# - SERIES STATEMENT
Series statement A world of stories multicultural folk literature
650 10 - SUBJECT ADDED ENTRY--TOPICAL TERM
Topical term or geographic name entry element Tales
830 #0 - SERIES ADDED ENTRY--UNIFORM TITLE
Uniform title A world of stories multicultural folk literature
942 ## - ADDED ENTRY ELEMENTS (KOHA)
-- dc
Koha item type Book
Holdings
Withdrawn Not for loan Current library Shelving location Date acquired Full call number Barcode Date last seen Koha item type Total Checkouts Total Renewals Date last checked out
    Perpustakaan Alor Setar Pinjaman Kanak-kanak 30/08/1997 K 398.2 IND A00060025 08/05/2018 Book      
    Perpustakaan Awam Sungai Petani Pinjaman Kanak-kanak 30/08/1997 K 398.2 IND A00060026 08/05/2018 Book      
    Perpustakaan Jitra Pinjaman Kanak-kanak 30/08/1997 K 398.2 IND A00060027 08/05/2018 Book      
    Perpustakaan Langkawi Pinjaman Kanak-kanak 30/08/1997 K 398.2 IND A00060028 03/01/2021 Book 1 1 22/11/2020